| 000 | 00602nam a22001817a 4500 | ||
|---|---|---|---|
| 999 |
_c14984 _d14984 |
||
| 003 | OSt | ||
| 082 | _2664 SAR/ST | ||
| 088 | _aT 317 | ||
| 100 |
_aSARIGA S _93494 |
||
| 245 | _aStudies on micro encapsulation of vanilla extract | ||
| 260 |
_aTavanur 2015 _bDepartment of Food and Agricultural Process Engineering |
||
| 300 | _a104 | ||
| 500 | _aStudies on micro encapsulation of vanilla extract | ||
| 520 | _aStudies on micro encapsulation of vanilla extract | ||
| 700 |
_aDr. Prince M.V (Guide) _93452 |
||
| 856 | _uhttps://drive.google.com/open?id=1M5HuRGoEHdoal1xedJTeE1Tgf_Sq290o | ||
| 942 | _cTH | ||